Comunicació 3.0 i accessibilitat total : jornades de cultura i responsabilitat social jornades de cultura i responsabilitat social
Descripción Física:
1 carpeta ; 30 cm
MARC
| LEADER | 00000nam a2200000Ia 4500 | ||
|---|---|---|---|
| 001 | 24196 | ||
| 003 | BGR | ||
| 005 | 20260324180607.0 | ||
| 008 | 160829s2011 xx 000 0 cat d | ||
| 080 | |a FU-63-23 | ||
| 245 | |a Comunicació 3.0 i accessibilitat total : |b jornades de cultura i responsabilitat social | ||
| 260 | |a Barcelona : |b Museu Marítim de Barcelona, |c 2011 | ||
| 300 | |a 1 carpeta ; |c 30 cm | ||
| 590 | |a Conté: dossier de les jornades i 1 programa de mà de les jornades, celebrades el 30 de novembre i l'1 de desembre de 2011 a les Drassnes Reials de Barcelona. | ||
| 590 | |a Amb el patrocini de Fundación Vodafone España | ||
| 650 | |a Discapacitats sensorials |x Comunicació |9 49540 | ||
| 650 | |a Sords |x Comunicació |9 49541 | ||
| 650 | |a Discapacitats visuals |x Comunicació |9 49542 | ||
| 710 | |a Museu Marítim (Barcelona, Catalunya) |9 10020 | ||
| 710 | 2 | |a Fundación Vodafone España |9 70989 | |
| 901 | |a Arxiu | ||
| 942 | |n 1 |2 udc |c MON | ||
| 952 | |0 0 |1 0 |4 0 |6 FU6323 |7 1 |9 55432 |a Arxiu |b Arxiu |d 2016-12-01 |l 0 |o FU-63-23 |p 24196 |r 2016-12-01 00:00:00 |w 2016-12-01 |y ARXIU | ||
| 999 | |c 59305 |d 59305 | ||